000 00375pab a2200157 454500
008 180718b2002 xxu||||| |||| 00| 0 eng d
100 _aEngineer, Asghar Ali
245 _aRole of police in Gujarat carriage
260 _c2002
300 _ap.8.
362 _a8 Jul
650 _aPolice - India - Gujarat
650 _aPolice
773 _aDeccan Herald
909 _a54305
999 _c54305
_d54305